000 00699nam a2200289Ia 4500
005 20260324143614.0
008 008 260324s9999 xx 000 0 eng d
020 _a9781003072706
037 _aEBOOK
040 _aCRL
040 _beng
040 _cCRL
041 _2eng
041 _aeng
084 _qCRL
100 _aOvide Arino
_91216255
245 0 _amathematical population dynamics
245 0 _bProceedings of the Second International Conference
260 _bTaylor and Francis
260 _c1991
365 _a
365 _b840
856 _uhttp://www.taylorfrancis.com/books/9781003072706
942 _cEBOOK
999 _c1821838
_d1821838